U.S. States with the Most Italian-Americans - Statistics

General Stats
  • This quiz has been taken 457 times
  • The average score is 22 of 26
Answer Stats
Rank Population State Percent of Total Population % Correct
1 2,737,146 New York 14.4%
100%
3 1,450,884 California 4.3%
96%
5 1,003,977 Florida 6.3%
95%
2 1,503,637 New Jersey 17.9%
94%
8 675,749 Ohio 6%
92%
11 363,354 Texas 1.7%
92%
4 1,418,465 Pennsylvania 11.6%
90%
7 744,274 Illinois 6%
89%
6 860,079 Massachusetts 13.5%
89%
10 450,952 Michigan 4.5%
88%
9 634,364 Connecticut 18.6%
87%
13 257,129 Virginia 3.6%
87%
21 163,218 Georgia 2.0%
85%
16 199,077 Rhode Island 19%
85%
12 267,573 Maryland 5.1%
84%
18 181,982 North Carolina 2.3%
83%
14 224,795 Arizona 4.4%
81%
24 111,462 Oregon 3.3%
80%
22 141,486 Indiana 2.3%
79%
25 111,270 Minnesota 2.3%
77%
23 132,515 Nevada 6.6%
77%
26 105,610 New Hampshire 8.5%
77%
20 172,567 Wisconsin 3.2%
77%
15 201,787 Colorado 4.7%
73%
17 195,561 Louisiana 4.4%
72%
19 176,209 Missouri 3.1%
68%
No matching quizzes found
Score Distribution
Percent of People with Each Score
Percentile by Number Answered
Your Score History
You have not taken this quiz